000 00543nam a2200205Ia 4500
005 20230131101040.0
008 131103s9999 xx 000 0 und d
020 _cRs.3
040 _aLoreto College
041 _aEnglish
082 _a954.01
_bPUR
100 _aPuri,Baij Nath
245 _aEarly Greek writers
_cBaij Nath Puri
260 _aLucknow
_bShukla Printing Press
_c1939
300 _a155 p.,[vi]
_b a plate
504 _aIncludes bibliography and index
650 _aHistory - Ancient India
850 _aLCLIB
942 _cBK
999 _c9312
_d59791